Growth of socialism in India /

Bibliographic Details
Main Author: Jawaid, Sohail, 1950-
Format: Book
Language:English
Published: New Delhi : Associated Pub. House ; [1980]
Subjects:

MARC

Tag First Indicator Second Indicator Subfields
LEADER 00000cam a2200000 a 4500
001 in00000079365
005 20151008060835.0
008 810801s1980 ii b 00110 eng
010 |a  80905181  
020 |c Rs30.00 
035 |a (OCoLC)07492055 
035 |9 AAJ6701AM 
039 0 |a 2  |b 3  |c 3  |d 3  |e 3 
040 |a DLC  |c DLC  |d TXA  |d UtOrBLW 
043 |a a-ii--- 
049 |a TXAM  |c [1561127] 
050 0 0 |a HX392  |b .J38 
082 0 |a 335/.00954  |2 19 
090 |a HX392  |b .J38 1980a 
100 1 |a Jawaid, Sohail,  |d 1950- 
245 1 0 |a Growth of socialism in India /  |c Sohail Jawaid. 
264 1 |a New Delhi :  |b Associated Pub. House ;  |c [1980] 
264 2 |a [Queens Village, N.Y.] :  |b [distributed by Asia Book Corp. of America], 
264 4 |c ©1980 
300 |a vii, 105 pages ;  |c 22 cm. 
336 |a text  |b txt  |2 rdacontent 
337 |a unmediated  |b n  |2 rdamedia 
338 |a volume  |b nc  |2 rdacarrier 
500 |a Includes index. 
500 |a Distributor taken from label on endpapers. 
504 |a Bibliography: pages 87-91. 
650 0 |a Socialism  |z India  |x History. 
650 0 |a Socialism  |x History. 
999 |a MARS 
999 f f |s d4c00e11-05ab-3cf0-add3-ea5bdcc2d98e  |i 4b2e3700-50eb-3d42-a2ed-34b1f81a88f8  |t 0 
952 f f |p ric  |a Texas A&M University  |b Rellis Campus  |c Joint Library Facility  |d Remote Storage  |t 0  |e HX392 .J38 1980a  |h Library of Congress classification  |i unmediated -- volume  |m A14806148308 
998 f f |a HX392 .J38 1980a  |t 0  |l Remote Storage